000
00258nam a2200109Ia 4500
008
220204s9999 xx 000 0 und d
082
_a
82-3
_b
HIG
100
_a
Higgins, Jack
245
2
_a
A Fine night for dying
260
_a
London
_b
Arrow
_c
1978
942
_c
BK
999
_c
33997
_d
33997